Statistics for Multiple Choice World Geography 4

Click here to take the quiz!

General Stats

  • This quiz has been taken 739 times
  • The average score is 8 of 20

Answer Stats

QuestionAnswer% Correct
The Capital City of Zimbabwe is?Harare
74%
The Highest Mountain in South America is?Aconcagua
68%
Which African Countries 3 stripe flag is very similar to Ireland's Flag but reversed i.e. Yellow (Gold) - White - Green:Ivory Coast
62%
Which of the Great Lakes is entirely in the USA?Michigan
61%
What River flows South along the West Side of Manhattan, New York?Hudson River
59%
Which three (3) Countries border Vietnam?Cambodia / China / Laos
57%
If you were to travel due West from Latvia, which Country would you reach first?Sweden
51%
South Africa has 3 Capital Cities: Legislative capital, Administrative capital, and Judicial capital: Which one of these groups is correct:?Cape Town / Bloomfontein / Pretoria
50%
The nearest Country to Australia is?Papua New Guinea
50%
What is the nearest Country to where the Titanic sank in 1912?Canada
49%
Which Country has the longest Boundary with France at 632 km (385 m)Spain
43%
How far is San Francisco from Los Angles (approx.)?345 miles (555 km)
38%
Burundi recently changed the name of their Capital City, what is it now called?Gitega
37%
What is the Sea between Italy and Sardinia / Corsica?Tyrrhenian Sea
35%
The Population of Indonesia is approximately ?265 million
28%
Which of these Capital Cities is farthest SOUTH?Lima
28%
The Longest Canal in the world is?Jing–Hang Grand Canal (China)
18%
Which South American Country has the Longest Coastline?Brazil
16%
The Highest Volcano in Asia is?Mt. Damāvand (Iran)
11%
How many of the World's Countries and Territories drive on the LEFT side of the road?76
6%

Score Distribution

Percentile by Number Answered

Percent of People with Each Score

Your Score History

You have not taken this quiz